000
00393nam a22001217a 4500
040
_c
HS
082
_a
577
100
_a
វន មុនិន្ទ
245
_a
វគ្គីករសាស្ត្រ អេកូឡូស៊ី និងស្ថេរភាពនៃអនុផលព្រៃឈើ
260
_a
NA
_b
វន មុនិន្ធ
_c
2010
300
_a
116p;
942
_c
KB
999
_c
9271
_d
9271